<?xml version="1.0" encoding="UTF-8"?>
<record
    xmlns:xsi="http://www.w3.org/2001/XMLSchema-instance"
    xsi:schemaLocation="http://www.loc.gov/MARC21/slim http://www.loc.gov/standards/marcxml/schema/MARC21slim.xsd"
    xmlns="http://www.loc.gov/MARC21/slim">

  <leader>00592nam a2200193   4500</leader>
  <controlfield tag="005">20231128143205.0</controlfield>
  <datafield tag="010" ind1=" " ind2=" ">
    <subfield code="a">ENG-138459</subfield>
  </datafield>
  <datafield tag="020" ind1=" " ind2=" ">
    <subfield code="a">9789354098208</subfield>
    <subfield code="c">820.00</subfield>
  </datafield>
  <datafield tag="035" ind1=" " ind2=" ">
    <subfield code="a">EN-121991</subfield>
  </datafield>
  <datafield tag="037" ind1=" " ind2=" ">
    <subfield code="b">DBAD/PUB</subfield>
  </datafield>
  <datafield tag="082" ind1=" " ind2=" ">
    <subfield code="a">791.430954</subfield>
    <subfield code="2">First</subfield>
  </datafield>
  <datafield tag="100" ind1=" " ind2=" ">
    <subfield code="a">Nag, Amitava</subfield>
    <subfield code="9">59126</subfield>
  </datafield>
  <datafield tag="245" ind1=" " ind2=" ">
    <subfield code="a">75 Years 75 Films/</subfield>
    <subfield code="c">By Amitava Nag</subfield>
  </datafield>
  <datafield tag="250" ind1=" " ind2=" ">
    <subfield code="a">First</subfield>
  </datafield>
  <datafield tag="260" ind1=" " ind2=" ">
    <subfield code="a">New Delhi</subfield>
    <subfield code="b">The Director General Publication Divisions</subfield>
    <subfield code="c">2023</subfield>
  </datafield>
  <datafield tag="270" ind1=" " ind2=" ">
    <subfield code="a">Soochna Bhawan, CGO Complex, Lodhi Road </subfield>
    <subfield code="b">New Delhi</subfield>
    <subfield code="e">110003</subfield>
  </datafield>
  <datafield tag="300" ind1=" " ind2=" ">
    <subfield code="a">240p.</subfield>
    <subfield code="c">28cm(pbk)</subfield>
  </datafield>
  <datafield tag="942" ind1=" " ind2=" ">
    <subfield code="2">ddc</subfield>
    <subfield code="c">EN</subfield>
    <subfield code="h">791.430954</subfield>
    <subfield code="m">YEA</subfield>
  </datafield>
  <datafield tag="999" ind1=" " ind2=" ">
    <subfield code="c">199266</subfield>
    <subfield code="d">199266</subfield>
  </datafield>
  <datafield tag="952" ind1=" " ind2=" ">
    <subfield code="0">0</subfield>
    <subfield code="1">0</subfield>
    <subfield code="4">0</subfield>
    <subfield code="7">0</subfield>
    <subfield code="8">NFIC</subfield>
    <subfield code="a">VP</subfield>
    <subfield code="b">VP</subfield>
    <subfield code="d">2023-11-28</subfield>
    <subfield code="e">DBAD/PUB</subfield>
    <subfield code="g">820.00</subfield>
    <subfield code="l">0</subfield>
    <subfield code="o">791.430954 YEA</subfield>
    <subfield code="p">EN-121991</subfield>
    <subfield code="r">2023-11-28 00:00:00</subfield>
    <subfield code="t">1</subfield>
    <subfield code="v">820.00</subfield>
    <subfield code="w">2023-11-28</subfield>
    <subfield code="y">EN</subfield>
  </datafield>
</record>
